Legislativa Evropských společenství v oblasti statistiky - pokus o zpřehlednění
Príloha časopisu Statistika č. 7/2001 sa zaoberá legislatívnymi úpravami v oblasti štatistiky - v primárnom a sekundárnom práve. Štruktúra legislatívy ES v oblasti štatistiky. Prehľad právnych aktov ES v oblasti štatistiky.
Salvato in:
| Autore principale: | |
|---|---|
| Natura: | Capitolo di libro |
| Lingua: | ceco |
| Soggetti: | |
| Tags: |
Nessun Tag, puoi essere il primo ad aggiungerne!!
|
MARC
| LEADER | 00000naa a2200000 4500 | ||
|---|---|---|---|
| 001 | r042299 | ||
| 005 | 20231002093752.9 | ||
| 041 | 0 | |a cze | |
| 044 | |a CZ | ||
| 245 | 1 | 0 | |a Legislativa Evropských společenství v oblasti statistiky - pokus o zpřehlednění |c Markéta Trimble Landová |
| 520 | |a Príloha časopisu Statistika č. 7/2001 sa zaoberá legislatívnymi úpravami v oblasti štatistiky - v primárnom a sekundárnom práve. Štruktúra legislatívy ES v oblasti štatistiky. Prehľad právnych aktov ES v oblasti štatistiky. | ||
| 610 | 2 | 0 | |a štatistika |
| 610 | 2 | 0 | |a štatistika medzinárodná |
| 610 | 2 | 0 | |a úpravy právne |
| 610 | 2 | 0 | |a Európske spoločenstvá |
| 100 | 1 | |a Landová, Markéta Trimble | |